ბათუმის შოთა რუსთაველის სახელმწიფო უნივერსიტეტის ბიბლიოთეკა

Судитесь правилно / (ბიბ.ჩანაწერი № 36007)

000 -LEADER
fixed length control field 00638nam a2200229Ia 4500
001 - CONTROL NUMBER
control field 1906
003 - CONTROL NUMBER IDENTIFIER
control field GE_BSU
005 - DATE AND TIME OF LATEST TRANSACTION
control field 20221010153924.0
008 - FIXED-LENGTH DATA ELEMENTS--GENERAL INFORMATION
fixed length control field 181216s2006ru xx |||||||||||||| ||rus||
010 ## - LIBRARY OF CONGRESS CONTROL NUMBER
LC control number 5222083608
022 ## - INTERNATIONAL STANDARD SERIAL NUMBER
Source 5222083608
040 ## - CATALOGING SOURCE
Transcribing agency GE_BSU
041 ## - LANGUAGE CODE
Language code of text/sound track or separate title rus
080 ## - UNIVERSAL DECIMAL CLASSIFICATION NUMBER
Universal Decimal Classification number 347.9 Б-28
100 ## - MAIN ENTRY--PERSONAL NAME
Personal name Батяев,А.А.
9 (RLIN) 15200
245 ## - TITLE STATEMENT
Title Судитесь правилно /
Statement of responsibility, etc. А.А. Батяев.
264 ## - PRODUCTION, PUBLICATION, DISTRIBUTION, MANUFACTURE, AND COPYRIGHT NOTICE
Place of production, publication, distribution, manufacture Ростов-На -Дону :
Name of producer, publisher, distributor, manufacturer Феникс,
Date of production, publication, distribution, manufacture, or copyright notice 2006.
300 ## - PHYSICAL DESCRIPTION
Extent 253 с.:
Other physical details 20 см.
653 ## - INDEX TERM--UNCONTROLLED
keyword Судитесь правилно
653 ## - INDEX TERM--UNCONTROLLED
keyword სამართალი
942 ## - ADDED ENTRY ELEMENTS (KOHA)
Koha item type წიგნი
Source of classification or shelving scheme
ეგზემპლარები
Withdrawn status Lost status Source of classification or shelving scheme Damaged status Not for loan Permanent Location Current Location Shelving location Date acquired Cost, normal purchase price Full call number Barcode Date last seen Copy number Price effective from Koha item type Public note
          ბათუმის შოთა რუსთაველის სახელმწიფო უნივერსიტეტის მთავარი ბიბლიოთეკა ბათუმის შოთა რუსთაველის სახელმწიფო უნივერსიტეტის მთავარი ბიბლიოთეკა წიგნსაცავი 2018-12-17 10.00 347.9 Б-28 3924 2018-12-17 3924 2018-12-17 წიგნი 10.00